000 00312nam a22001337a 4500
008 190225b xxu||||| |||| 00| 0 eng d
020 _a9780814151884
041 _aeng
080 _a371
100 _a25
101 _aEDU
245 _aTeaching One-to-One: The Writing Conference
_cHarris, M
942 _2udc
_cBK
999 _c54199
_d54199